=LDR 00000nam 2200000 4500 =001 NUTBA000000000003951 =005 20140829111154.0 =006 =007 =008 =020 ##$$a 978-602-8661-96-6 =035 ##$$a 0010-081400000000796 =040 ##$$a NBPDMAT =082 ##$$a 664.726 =084 ##$$a 664.726 Sus f =100 ##$$a Susianto =245 ##$$a Fakta ajaib khasiat tempe / $c Susianto =260 ##$$a Jakarta : $b Penebar Plus, $c 2013 =300 ##$$a 123 hlm. : $b ilus. ; $c 23 cm. =500 ##$$a Bibliografi : hlm. 119 =650 ##$$a tempe =990 ##$$a 21409647 =990 ##$$a 0001/BPAP-NTB/20142014 =990 ##$$a 0001/BPAP-NTB/20142014 =990 ##$$a 0001/BPAP-NTB/20142014 =990 ##$$a 0001/BPAP-NTB/20142014 =990 ##$$a 0001/BPAP-NTB/20142014